000 00977nas a2200313 4500
001 BR0503676
003 BR-BrBNA
005 20231205105514.0
007 ta
008 230509b bl.|||p| |||| 00| 00por d
040 _aBR-BrBNA
_bpor
_cBiblioteca Nacional de Agricultura
041 _a(Pt)
072 _aF02
100 1 _aRocha, P.S.G. da
100 1 _aSchuch, M.W.
100 1 _aBraga, E.J.B.
245 1 _aRegeneração in vitro de brotações de pereira (Pyrus communis), cultivar "Seleta"
650 _aPYRUS COMMUNIS
650 _aPÊRA
650 _aBROTAÇÃO
650 _aCULTURA IN VITRO
650 _aMÉTODO ESTATÍSTICO
650 _aVARIEDADE
650 _aREGENERAÇÃO
773 0 _tRevista Brasileira de Agrociência (Brazil)
_xISSN 0104-8996
_g(Oct-Dec 2004), v. 10(4) p. 445-448
_wBR0503676
856 4 0 _uhttp://www.ufpel.tche.br/faem/agrociencia/v10n4/artigo06.pdf
909 _a202311
_bLúcia
_c55
_dLúcia Elande
942 _2AGRIS
_n0
_cANA
999 _c183310
_d183310